000 00303nam a22001337a 4500
008 170511b xxu||||| |||| 00| 0 eng d
020 _a0327162082
041 _aeng
080 _25th
_a34
100 _a15
101 _aSHJ
245 _aEVIDENTIARY FOUNDATIONS
_cIMWINKELRIED , E.J
942 _2udc
_cBK
999 _c13093
_d13093